[Event "ZMD Open"]
[Site "Dresden"]
[Date "????.??.??"]
[Round "?"]
[White "Koch, R."]
[Black "Helbig, C."]
[Result "1-0"]
[WhiteElo "1718"]
[BlackElo "1786"]
[PlyCount "69"]
[EventDate "2013.??.??"]

1. e4 Nf6 2. e5 Ne4 3. d3 Nc5 4. d4 Ne6 5. Be3 d5 6. Nf3 g6 7. Bd3 Bg7 8. O-O
O-O 9. c3 Nd7 10. Nh4 f5 11. f4 c5 12. g4 cxd4 13. cxd4 Qe8 14. gxf5 gxf5 15.
Bxf5 Nd8 16. Rf2 Nb6 17. Qg4 Bxf5 18. Nxf5 Rf7 19. Nh6+ Kh8 20. Nxf7+ Qxf7 21.
Nd2 Nc6 22. Rg2 Rg8 23. f5 Bf8 24. Qxg8+ Qxg8 25. Rxg8+ Kxg8 26. a3 Nd7 27. Kf2
Kh8 28. Nf3 Nd8 29. Rg1 Bg7 30. Rc1 Nc6 31. Ng5 Nf8 32. Rf1 Nd8 33. Nh3 Nc6 34.
Nf4 a6 35. Nh5 1-0

[Event "ZMD Open"]
[Site "Dresden"]
[Date "????.??.??"]
[Round "?"]
[White "Böhme-Ziska, C."]
[Black "Lindner, M."]
[Result "1/2-1/2"]
[WhiteElo "1747"]
[BlackElo "1548"]
[PlyCount "120"]
[EventDate "2013.??.??"]

1. c4 e5 2. Nc3 Nf6 3. Nf3 Nc6 4. g3 d5 5. cxd5 Nxd5 6. d3 Bb4 7. Bd2 O-O 8.
Bg2 Re8 9. O-O Be6 10. Rc1 h6 11. Ne4 Qd7 12. Bxb4 Ndxb4 13. Nc5 Qc8 14. a3 Nd5
15. Nxe6 Qxe6 16. b4 Rac8 17. Rc5 Nce7 18. e4 Nf6 19. Rxe5 Qa6 20. Qb3 Rcd8 21.
Rd1 Ng4 22. Rc5 Qb6 23. h3 Nf6 24. Ne5 Rf8 25. Rdc1 c6 26. Qc4 Nd7 27. Nxd7
Rxd7 28. Bf1 Rfd8 29. h4 Rd6 30. Be2 Qc7 31. Bh5 g6 32. Be2 b6 33. Re5 Rd4 34.
Rxe7 Rxc4 35. Rxc7 Rxc1+ 36. Kg2 a5 37. bxa5 bxa5 38. e5 Rc5 39. f4 Rc2 40. Kf3
Rc3 41. Ke4 c5 42. a4 Rd4+ 43. Ke3 Rxa4 44. h5 c4 45. Kd2 Raa3 46. hxg6 fxg6
47. g4 Rxd3+ 48. Bxd3 Rxd3+ 49. Ke2 Rd4 50. Ke3 Rd8 51. Rxc4 Ra8 52. Ra4 Kf7
53. f5 gxf5 54. gxf5 Ke8 55. Kf4 Kf7 56. Kg4 Kg7 57. Kh5 Ra6 58. Kg4 Kf7 59.
Rc4 a4 60. Rc7+ Kf8 1/2-1/2

[Event "ZMD Open"]
[Site "Dresden"]
[Date "????.??.??"]
[Round "?"]
[White "Smagulov, A."]
[Black "Förster, J."]
[Result "0-1"]
[WhiteElo "1802"]
[BlackElo "1761"]
[PlyCount "139"]
[EventDate "2013.??.??"]

1. d4 Nf6 2. Bg5 Ne4 3. Bh4 d5 4. f3 Nd6 5. e3 Bf5 6. Bd3 Bxd3 7. cxd3 Nf5 8.
Bf2 e6 9. Nc3 Bb4 10. e4 dxe4 11. dxe4 Bxc3+ 12. bxc3 Ne7 13. Ne2 O-O 14. O-O
b6 15. Qb3 Nd7 16. Rfd1 Qc8 17. Rac1 c5 18. c4 cxd4 19. Bxd4 Nc6 20. Bb2 e5 21.
Rd5 f6 22. c5 Kh8 23. cxb6 Nxb6 24. Rdc5 Qa6 25. Kf2 Ne7 26. Rc7 Ng6 27. Qe6
Rac8 28. g3 Rxc7 29. Rxc7 Rc8 30. Qc6 h6 31. a3 Rxc7 32. Qxc7 Nc4 33. Qb8+ Kh7
34. Qb4 Qb6+ 35. Kg2 Nxb2 36. Nc3 Nd3 37. Qxb6 axb6 38. Nd5 b5 39. Kf1 Nf8 40.
Ke2 Nb2 41. Nc7 Nc4 42. Nxb5 Ne6 43. Kd3 Nb6 44. f4 exf4 45. gxf4 Nxf4+ 46. Kd4
Na4 47. Kc4 Ne6 48. Kd5 Nec5 49. Nd6 g5 50. Kc4 Kg6 51. Kb4 g4 52. Nc4 Kg5 53.
e5 f5 54. Nd2 f4 55. Nf1 Kf5 56. e6 Kxe6 57. Kc4 Ke5 58. Nd2 Ne4 59. Nf1 h5 60.
Kb5 Nec5 61. Kc4 h4 62. Nd2 Ne4 63. Nf1 g3 64. hxg3 fxg3 65. Ne3 Kf4 66. Ng2+
Kg4 67. Kd4 h3 68. Ne3+ Kf3 69. Nf5 h2 70. Nh4+ 0-1

[Event "ZMD Open"]
[Site "Dresden"]
[Date "????.??.??"]
[Round "?"]
[White "Reinisch, J."]
[Black "Grohmann, A."]
[Result "1/2-1/2"]
[WhiteElo "1645"]
[BlackElo "1512"]
[PlyCount "44"]
[EventDate "2013.??.??"]

1. c4 e6 2. d4 d5 3. Nc3 Nf6 4. a3 a6 5. e3 Be7 6. Nf3 dxc4 7. Bxc4 b5 8. Be2
Bb7 9. b4 O-O 10. O-O Nbd7 11. Bb2 Nd5 12. Qc2 Rc8 13. Rac1 Kh8 14. Nxd5 Bxd5
15. e4 Bb7 16. Rfd1 Bf6 17. e5 Bg5 18. Nxg5 Qxg5 19. Bf1 Bd5 20. Qd2 Qxd2 21.
Rxd2 Nb6 22. Bd3 f6 1/2-1/2

[Event "ZMD Open"]
[Site "Dresden"]
[Date "????.??.??"]
[Round "?"]
[White "Jahn, D."]
[Black "Grube, K."]
[Result "0-1"]
[WhiteElo "1816"]
[BlackElo "1602"]
[PlyCount "56"]
[EventDate "2013.??.??"]

1. b4 d5 2. Bb2 e6 3. e3 Nf6 4. a3 Be7 5. Nf3 O-O 6. c4 c5 7. b5 b6 8. Be2 Bb7
9. O-O dxc4 10. Bxc4 Ne4 11. Nc3 Bf6 12. d4 Qe7 13. Nxe4 Bxe4 14. Nd2 Bb7 15.
Ra2 Rd8 16. dxc5 bxc5 17. Bxf6 Qxf6 18. Qc2 Nd7 19. Bd3 h6 20. Be4 Bd5 21. Nc4
Rab8 22. a4 a6 23. Bxd5 exd5 24. Na3 Qe6 25. Rb2 Rdc8 26. Rfb1 c4 27. bxa6 Rxb2
28. Rxb2 Qxa6 0-1

[Event "ZMD Open"]
[Site "Dresden"]
[Date "????.??.??"]
[Round "?"]
[White "Laskow, V."]
[Black "Gerling, L."]
[Result "0-1"]
[WhiteElo "1472"]
[BlackElo "1783"]
[PlyCount "70"]
[EventDate "2013.??.??"]

1. d4 Nf6 2. c4 g6 3. Nc3 Bg7 4. e4 d6 5. Nf3 O-O 6. Be3 e5 7. Be2 Nc6 8. Qd2
Ng4 9. d5 Nxe3 10. fxe3 Ne7 11. O-O Bh6 12. Ne1 f5 13. Nc2 Kh8 14. Qe1 Ng8 15.
exf5 gxf5 16. e4 f4 17. b4 Qg5 18. g3 Bh3 19. Rf3 Nf6 20. Bf1 Bxf1 21. Qxf1 Qh5
22. Ne2 Nxe4 23. gxf4 Nd2 24. Rh3 Qg6+ 25. Qg2 Qxg2+ 26. Kxg2 Bxf4 27. Nxf4
Rxf4 28. c5 dxc5 29. bxc5 Rc4 30. Ne3 Rxc5 31. Rd1 Rg8+ 32. Kh1 Ne4 33. Rf1 Nd6
34. Nf5 Nxf5 35. Rxf5 Rc1+ 0-1

[Event "ZMD Open"]
[Site "Dresden"]
[Date "????.??.??"]
[Round "?"]
[White "Hilbig, K."]
[Black "Mittelstaedt, E."]
[Result "1-0"]
[WhiteElo "1759"]
[BlackElo "1683"]
[PlyCount "151"]
[EventDate "2013.??.??"]

1. d4 d5 2. Nf3 h6 3. e3 Nf6 4. Nbd2 Bg4 5. c4 e6 6. Qb3 b6 7. cxd5 exd5 8. Ne5
c6 9. Nxg4 Nxg4 10. Be2 Nf6 11. O-O Be7 12. Nf3 Nbd7 13. Ba6 Rb8 14. Bd3 O-O
15. Qa4 Qc7 16. b3 c5 17. Bb2 a5 18. Rac1 Qd6 19. Ba3 Qe6 20. Bb5 Rfd8 21. Bb2
Ne4 22. Ne5 Nxe5 23. dxe5 f6 24. f3 Ng5 25. Qf4 Nf7 26. exf6 Bxf6 27. Bxf6 gxf6
28. Bd3 Qe5 29. Qg4+ Kh8 30. Qg6 Ng5 31. Qxh6+ Kg8 32. Rce1 Qe7 33. h4 Ne6 34.
f4 Qg7 35. Qh5 Nf8 36. Rf3 Rb7 37. Kh2 Qh8 38. Rg3+ Rg7 39. Rxg7+ Kxg7 40. Qg4+
Kf7 41. Bf5 Qh6 42. g3 Rd6 43. Kh3 Ne6 44. Qf3 Ng7 45. Bc8 f5 46. Rd1 d4 47.
exd4 Rxd4 48. Rxd4 cxd4 49. Qd5+ Kg6 50. Qxd4 Kh7 51. Bd7 Qg6 52. Qd3 Kh6 53.
Kg2 Kh5 54. Qe2+ Kh6 55. a4 Qd6 56. Bb5 Ne6 57. Bc4 Nd4 58. Qe8 Qc6+ 59. Qxc6+
Nxc6 60. Bf7 Kg7 61. Bd5 Ne7 62. Bc4 Nc6 63. Kf2 Kf6 64. Ke3 Kg7 65. Bb5 Nb4
66. Kd4 Kf6 67. h5 Nc2+ 68. Kd5 Ne3+ 69. Kc6 Kg7 70. Kxb6 Kh6 71. Be2 Nc2 72.
Kxa5 Nd4 73. Bd1 Nc6+ 74. Kb6 Nb4 75. a5 Nd5+ 76. Kb7 1-0

[Event "ZMD Open"]
[Site "Dresden"]
[Date "????.??.??"]
[Round "?"]
[White "Köpke, P."]
[Black "Gabriel, W."]
[Result "1-0"]
[WhiteElo "1341"]
[BlackElo "1733"]
[PlyCount "111"]
[EventDate "2013.??.??"]

1. e4 e5 2. Nf3 Nc6 3. Bc4 Nf6 4. d3 Be7 5. Nc3 d6 6. h3 O-O 7. Bd2 Na5 8. Bb3
Re8 9. Ne2 Nxb3 10. axb3 c6 11. Ng3 h6 12. Be3 Qc7 13. Qd2 b6 14. Bxh6 gxh6 15.
Qxh6 Nh7 16. Nh5 Bf8 17. Nf6+ Nxf6 18. Qxf6 Qe7 19. Qh4 Qxh4 20. Nxh4 Re6 21.
g4 Rh6 22. Nf5 Bxf5 23. exf5 Be7 24. Ke2 Bg5 25. b4 f6 26. c4 c5 27. b5 Kf8 28.
Kf3 Bh4 29. Ke3 Ke8 30. f3 Kd8 31. Ke4 Bg5 32. b3 Kc7 33. Kd5 Bd2 34. h4 Rh7
35. Ke4 Kb7 36. Ra2 Bf4 37. h5 a5 38. bxa6+ Rxa6 39. Rxa6 Kxa6 40. Ra1+ Kb7 41.
d4 cxd4 42. b4 Kc6 43. Ra8 Kb7 44. Rf8 Rh6 45. Rf7+ Ka6 46. Rd7 Bg3 47. Rxd6
Bf4 48. c5 Ka7 49. Rxb6 Bg5 50. b5 Rh7 51. Ra6+ Kb7 52. c6+ Kb8 53. b6 Rh8 54.
Ra7 d3 55. c7+ Kc8 56. Ra8+ 1-0

[Event "ZMD Open"]
[Site "Dresden"]
[Date "????.??.??"]
[Round "?"]
[White "Kluge, H."]
[Black "Briesemeister, K."]
[Result "1/2-1/2"]
[WhiteElo "1680"]
[BlackElo "1800"]
[PlyCount "37"]
[EventDate "2013.??.??"]

1. d4 f5 2. Nf3 Nf6 3. e3 g6 4. Bc4 d5 5. Bd3 Bg7 6. Nbd2 O-O 7. Ne5 Nc6 8. f4
Ne4 9. Nxe4 fxe4 10. Be2 e6 11. Bg4 Ne7 12. Qe2 c6 13. Bd2 a5 14. a4 b6 15. O-O
Rf6 16. Be1 Ba6 17. c4 Nf5 18. b3 h6 19. Qd2 1/2-1/2

[Event "ZMD Open"]
[Site "Dresden"]
[Date "????.??.??"]
[Round "?"]
[White "Völler, L."]
[Black "Schießl, H."]
[Result "1-0"]
[WhiteElo "1679"]
[BlackElo "1749"]
[PlyCount "36"]
[EventDate "2013.??.??"]

1. e4 c6 2. c4 d5 3. cxd5 cxd5 4. e5 e6 5. d4 Bb4+ 6. Nc3 Bd7 7. Nf3 Nc6 8. a3
Be7 9. Bd3 a6 10. O-O Qc7 11. Be3 f6 12. Rc1 fxe5 13. dxe5 Nxe5 14. Nxd5 Nxf3+
15. Qxf3 Qd6 16. Nc7+ Kd8 17. Nxa8 Qxd3 18. Bb6+ Ke8 1-0

[Event "ZMD Open"]
[Site "Dresden"]
[Date "????.??.??"]
[Round "?"]
[White "Dorst, K."]
[Black "Scharff, J."]
[Result "1/2-1/2"]
[WhiteElo "1761"]
[BlackElo "1693"]
[PlyCount "62"]
[EventDate "2013.??.??"]

1. e4 e6 2. d4 d5 3. e5 Nd7 4. Bd3 c5 5. c3 Ne7 6. Ne2 c4 7. Bc2 f6 8. f4 f5 9.
O-O h5 10. Nd2 Ng8 11. Nf3 Be7 12. Bd2 a6 13. b3 b5 14. b4 Bb7 15. a4 Nh6 16.
h3 Nf7 17. Qc1 Nf8 18. axb5 axb5 19. Qb2 Nd7 20. Rxa8 Bxa8 21. Ra1 O-O 22. Qc1
g6 23. Ng5 Nxg5 24. fxg5 Re8 25. h4 Nf8 26. Nf4 Qd7 27. Ra5 Bc6 28. Qa1 Rb8 29.
Ra7 Rb7 30. Rxb7 Bxb7 31. Qa7 Bc6 1/2-1/2

[Event "ZMD Open"]
[Site "Dresden"]
[Date "????.??.??"]
[Round "?"]
[White "Bui, N."]
[Black "Fahland, M."]
[Result "0-1"]
[WhiteElo "1417"]
[BlackElo "1414"]
[PlyCount "90"]
[EventDate "2013.??.??"]

1. e4 c5 2. Nf3 Nc6 3. d4 cxd4 4. Nxd4 e6 5. Nxc6 bxc6 6. Nc3 d5 7. exd5 cxd5
8. Bd3 Nf6 9. O-O Bd7 10. Re1 Be7 11. Bg5 O-O 12. Bxf6 Bxf6 13. Qf3 Qc7 14. Ne2
Bxb2 15. Rab1 Be5 16. Ng3 Bxg3 17. hxg3 g6 18. Qe3 Rab8 19. Qh6 Rxb1 20. Rxb1
Rb8 21. Ra1 Bb5 22. Qd2 Bxd3 23. cxd3 Rc8 24. Rb1 Qc2 25. Rb2 Qxd2 26. Rxd2
Rc1+ 27. Kh2 Kg7 28. Kh3 f5 29. g4 Kf6 30. gxf5 Kxf5 31. Kg3 g5 32. Kf3 e5 33.
g4+ Kg6 34. Ke3 h5 35. gxh5+ Kxh5 36. d4 e4 37. f3 Rc3+ 38. Ke2 Rxf3 39. Kd1
Rd3 40. Rxd3 exd3 41. Kd2 Kg4 42. Kxd3 Kf3 43. Kc3 g4 44. Kb4 g3 45. Kc5 g2 0-1

[Event "ZMD Open"]
[Site "Dresden"]
[Date "????.??.??"]
[Round "?"]
[White "Beyer, M."]
[Black "Ast, E."]
[Result "1/2-1/2"]
[WhiteElo "1560"]
[BlackElo "1789"]
[PlyCount "21"]
[EventDate "2013.??.??"]

1. e4 e6 2. d4 d5 3. e5 c5 4. c3 Nc6 5. Nf3 Qb6 6. a3 Nge7 7. b4 c4 8. Be2 g6
9. O-O Nf5 10. Bb2 Bg7 11. Re1 1/2-1/2

[Event "ZMD Open"]
[Site "Dresden"]
[Date "????.??.??"]
[Round "?"]
[White "Schießl, W."]
[Black "Schüring, L."]
[Result "0-1"]
[WhiteElo "1842"]
[BlackElo "1256"]
[PlyCount "90"]
[EventDate "2013.??.??"]

1. e4 e6 2. d4 d5 3. e5 c5 4. Nf3 Qb6 5. c3 Nc6 6. Qc2 Bd7 7. Be3 f6 8. b3 cxd4
9. cxd4 Bb4+ 10. Nbd2 Rc8 11. Qb2 Qa5 12. Rd1 Ba3 13. Qb1 Nb4 14. Bd3 Bb5 15.
Bxb5+ Qxb5 16. Nc4 dxc4 17. O-O c3 18. Qe4 f5 19. Qh4 Qd7 20. Bc1 Bxc1 21. Rxc1
Qe7 22. Qg3 c2 23. Nd2 Nxa2 24. Nc4 Rxc4 25. bxc4 Nxc1 26. Rxc1 Nh6 27. Rxc2
O-O 28. Qb3 Kh8 29. Rc3 b6 30. c5 bxc5 31. Rxc5 Qd7 32. Qc3 Qa4 33. h3 g6 34.
Rc7 Rf7 35. Qc5 Rxc7 36. Qxc7 Qxd4 37. Qc8+ Ng8 38. Qxe6 a5 39. Qe8 a4 40. e6
Qe4 41. e7 a3 42. Qd7 Qxe7 43. Qa4 Qe1+ 44. Kh2 Qe5+ 45. g3 Qb2 0-1

[Event "ZMD Open"]
[Site "Dresden"]
[Date "????.??.??"]
[Round "?"]
[White "Kultscher, C."]
[Black "Hofmann, F."]
[Result "0-1"]
[WhiteElo "1046"]
[BlackElo "1077"]
[PlyCount "80"]
[EventDate "2013.??.??"]

1. e4 e5 2. Nf3 Nc6 3. d3 Bc5 4. Bg5 Nf6 5. c3 h6 6. Bxf6 Qxf6 7. Be2 d6 8.
Nbd2 Qg6 9. Rg1 O-O 10. Nb3 Bb6 11. Qd2 Na5 12. Nxa5 Bxa5 13. O-O-O c5 14. Nh4
Qe6 15. Kb1 Qf6 16. g3 Qxf2 17. Nf3 c4 18. d4 exd4 19. Nxd4 Qxh2 20. Qf4 Qh3
21. Qxd6 Bg4 22. Qe5 Bxe2 23. Nxe2 Bb6 24. Rh1 Qg4 25. Nd4 Rae8 26. Qf4 Rxe4
27. Qxg4 Rxg4 28. Rh3 Rd8 29. Kc2 Bxd4 30. cxd4 Rgxd4 31. Rxd4 Rxd4 32. Kc3 Rg4
33. Kb4 Kf8 34. Kc5 Ke7 35. Rh1 Rxg3 36. Kxc4 Rg5 37. Re1+ Kd6 38. Rd1+ Ke6 39.
Re1+ Re5 40. Rd1 f5 0-1

[Event "ZMD Open"]
[Site "Dresden"]
[Date "????.??.??"]
[Round "?"]
[White "Scholz, R."]
[Black "Möller, P."]
[Result "0-1"]
[WhiteElo "1109"]
[BlackElo "1678"]
[PlyCount "88"]
[EventDate "2013.??.??"]

1. c4 e5 2. Nc3 Nf6 3. f4 Nc6 4. Nf3 d6 5. d3 Be7 6. g3 Bg4 7. Bg2 O-O 8. O-O
Qc8 9. Qb3 Rb8 10. e4 Bh3 11. f5 Bxg2 12. Kxg2 a6 13. Nd1 Nd7 14. Ne3 Nc5 15.
Qd1 f6 16. Nd5 Qd7 17. Nh4 b6 18. Qg4 Nxd3 19. Bh6 Bd8 20. b3 Kh8 21. Be3 Qf7
22. Rad1 Nc5 23. Qh3 Kg8 24. Qg4 Ne7 25. Bh6 Kh8 26. Be3 Rg8 27. Qh3 Re8 28.
Nxe7 Bxe7 29. Ng6+ Kg8 30. Nxe7+ Rxe7 31. Bxc5 bxc5 32. g4 Qe8 33. Rd5 Qc6 34.
Rf3 Qe8 35. Qh4 Qf7 36. Rh3 g6 37. Qh6 gxf5 38. gxf5 Kh8 39. Rg3 Rg8 40. Kf3
Rxg3+ 41. hxg3 Qg7 42. Qh3 Qg5 43. Rd1 Rg7 44. Qh2 Qg4+ 0-1

[Event "ZMD Open"]
[Site "Dresden"]
[Date "????.??.??"]
[Round "?"]
[White "Koch, K."]
[Black "Schlegel, H."]
[Result "0-1"]
[WhiteElo "800"]
[BlackElo "1035"]
[PlyCount "20"]
[EventDate "2013.??.??"]

1. e4 e5 2. Nf3 Nc6 3. Bc4 Bc5 4. O-O d6 5. Nc3 Bg4 6. d3 Nd4 7. Be3 Nxf3+ 8.
gxf3 Bh3 9. Re1 Qf6 10. Nd5 Qg6+ 0-1